000
00287nam a22001337a 4500
008
171222b xxu||||| |||| 00| 0 eng d
020
_a
9780312405533
041
_a
eng
080
_a
912
100
_a
16
101
_a
HIS
245
_a
Rereading America
_c
Colombo, G
942
_2
udc
_c
BK
999
_c
39331
_d
39331